| 000 | 00819cab a2200253 4500 | ||
|---|---|---|---|
| 001 | X3020 | ||
| 008 | 090401t1995 xxu||||| |||| 00| 0 eng d | ||
| 035 | _a(Sirsi) u28006 | ||
| 041 | _aeng | ||
| 100 | _aWyatt, P. | ||
| 245 | _aOpportunities for the valuer via information and info-tech | ||
| 260 | _c1995 | ||
| 350 | _a0 | ||
| 490 |
_aCSM (Chartered Surveyor Monthly) _v5(2) October 1995, 28-29(2) |
||
| 520 | _aArgues the case for a national land-information service to assist valuers in the compilation of data. References. | ||
| 650 | _aGIS | ||
| 650 | _aLAND INFORMATION SYSTEMS | ||
| 650 | _aLAND VALUATION | ||
| 650 | _aNATIONAL LAND INFORMATION SERVICE | ||
| 690 | _aMANAGEMENT-BUSINESS MANAGEMENT-INFORMATION MANAGEMENT | ||
| 690 | _aRATING AND VALUATION | ||
| 942 | _n0 | ||
| 948 | _c04/03/1997 | ||
| 999 |
_c18886 _d18886 |
||